Statistics for Best NFL Player at Every Position 2019

Click here to take the quiz!

General Stats

  • This quiz has been taken 35 times
  • The average score is 9 of 16

Answer Stats

Position Answer % Correct
QBLamar Jackson
94%
TETravis Kelce
88%
CJason Kelce
88%
WRMichael Thomas
84%
FSEarl Thomas III
84%
RBChristian McCaffrey
63%
DEJ.J. Watt
59%
KJustin Tucker
56%
MLBBobby Wagner
53%
CBStephon Gilmore
50%
OLBKhalil Mack
44%
OTTyron Smith
41%
OGMarshall Yanda
31%
FBKyle Juszczyk
28%
SSTyrann Mathieu
19%
PJohnny Hekker
9%

Score Distribution

Percentile by Number Answered

Percent of People with Each Score

Your Score History

You have not taken this quiz